000 00400nam a2200181Ia 4500
100 _aCheng/David K
650 _aElectromagnetics
250 _a2
942 _cBK
366 _f25
654 _awave electromagnetics
245 _aField and wave electromagnetics
260 _bPearson Education
_aMumbai
_c1989
082 _a530.141
_bCHE
300 _a719
546 _aENGLISH
999 _c25329
_d25329